[Event "e2e4 ch-IRL"]
[Site "Dublin IRL"]
[Date "2011.07.07"]
[Round "6"]
[White "Brady, Stephen"]
[Black "Jones, Iolo C"]
[Result "1/2-1/2"]
[WhiteTitle "FM"]
[BlackTitle "CM"]
[WhiteElo "2357"]
[BlackElo "2286"]
[Plycount "72"]
[WhiteFideId "2500124"]
[BlackFideId "1800094"]
[EventDate "2011.07.02"]
[Source "TWIC 870"]

1. e4 e5 2. Nf3 Nf6 3. Nxe5 d6 4. Nf3 Nxe4 5. d4 d5 6. Bd3 Nc6 7. O-O Be7 8. c4
Nf6 9. h3 O-O 10. Nc3 Nb4 11. Be2 dxc4 12. Bxc4 c6 13. Re1 Nbd5 14. Bd3 h6 15.
a3 Be6 16. Bc2 Re8 17. Qd3 Bf8 18. Bd2 g6 19. g4 Bg7 20. Ne5 Nd7 21. Nf3 Qc7 22.
Nh4 Nxc3 23. bxc3 Rad8 24. Rab1 b5 25. Be3 Ba2 26. Ra1 Bd5 27. Qd2 Kh7 28. Bf4
Qb7 29. Bd6 Nb6 30. Qf4 Kg8 31. Bc5 Qb8 32. Ng2 Qxf4 33. Nxf4 Bc4 34. Be4 Rc8
35. Bf3 Rxe1+ 36. Rxe1 Bf8 1/2-1/2

[Event "e2e4 ch-IRL"]
[Site "Dublin IRL"]
[Date "2011.07.07"]
[Round "6"]
[White "Redmond, John P."]
[Black "McMahon, Daire"]
[Result "1/2-1/2"]
[WhiteElo "2190"]
[BlackElo "2196"]
[Plycount "69"]
[WhiteFideId "2500051"]
[BlackFideId "2500477"]
[EventDate "2011.07.02"]
[Source "TWIC 870"]

1. c4 e5 2. Nc3 Nc6 3. Nf3 f5 4. g3 Nf6 5. d4 e4 6. Nh4 g6 7. Bg5 Bg7 8. Qd2 Ne7
9. Bh6 O-O 10. Bxg7 Kxg7 11. Ng2 d5 12. e3 g5 13. h4 h6 14. b3 Be6 15. Be2 c6
16. Na4 b6 17. Rc1 Qd7 18. Rc2 Rad8 19. Qc1 dxc4 20. Bxc4 Bxc4 21. Rxc4 Qd6 22.
Nb2 Nfd5 23. Qd1 Nf6 24. Rc2 b5 25. Qc1 Ng4 26. Rc5 Rf6 27. Qc3 Nd5 28. Qa5 Rd7
29. hxg5 hxg5 30. Nd1 f4 31. gxf4 gxf4 32. Rh4 Rg6 33. Rxd5 cxd5 34. Nxf4 Rg5
35. Qxb5 1/2-1/2

[Event "e2e4 ch-IRL"]
[Site "Dublin IRL"]
[Date "2011.07.07"]
[Round "6"]
[White "Freeman, Gordon"]
[Black "Prizant, Michael"]
[Result "0-1"]
[WhiteElo "2179"]
[BlackElo "2126"]
[Plycount "70"]
[WhiteFideId "2501309"]
[BlackFideId "413640"]
[EventDate "2011.07.02"]
[Source "TWIC 870"]

1. d4 d5 2. c4 Bf5 3. cxd5 Bxb1 4. Qa4+ c6 5. Rxb1 Qxd5 6. Nf3 Nd7 7. e3 Nb6 8.
Qc2 Qxa2 9. Bd2 g6 10. Bd3 Bg7 11. h4 Nf6 12. e4 Qe6 13. Ng5 Qg4 14. Be2 Qd7 15.
e5 Nfd5 16. e6 fxe6 17. Nxh7 O-O-O 18. Qxg6 Bxd4 19. Ng5 Nf6 20. Rd1 e5 21. Be3
Rdg8 22. Qb1 Qd5 23. Rh3 Qa5+ 24. Bd2 Qc5 25. b4 Qd6 26. Nf7 Qe6 27. Nxh8 Rxg2
28. Rf3 e4 29. Qb3 Nbd5 30. Re3 Rg1+ 31. Bf1 Rxf1+ 32. Ke2 Rxd1 33. Qxd1 Qg4+
34. Ke1 Qg1+ 35. Ke2 Nf4# 0-1

[Event "e2e4 ch-IRL"]
[Site "Dublin IRL"]
[Date "2011.07.07"]
[Round "6"]
[White "Fox, Anthony"]
[Black "O'Connor, Jonathan"]
[Result "1/2-1/2"]
[WhiteElo "2087"]
[BlackElo "2124"]
[Plycount "26"]
[WhiteFideId "2500736"]
[BlackFideId "2501112"]
[EventDate "2011.07.02"]
[Source "TWIC 870"]

1. e4 d6 2. d4 Nf6 3. Nc3 g6 4. Nf3 Bg7 5. Be2 O-O 6. O-O Bg4 7. Be3 Nc6 8. d5
Nb8 9. Qd2 c6 10. h3 Bxf3 11. Bxf3 Nbd7 12. Rfe1 Qa5 13. Rad1 Rfc8 1/2-1/2

[Event "e2e4 ch-IRL"]
[Site "Dublin IRL"]
[Date "2011.07.07"]
[Round "6"]
[White "McCabe, Darren"]
[Black "Short, Philip"]
[Result "1/2-1/2"]
[BlackTitle "FM"]
[WhiteElo "2024"]
[BlackElo "2293"]
[Plycount "81"]
[WhiteFideId "2500760"]
[BlackFideId "2500086"]
[EventDate "2011.07.02"]
[Source "TWIC 870"]

1. e4 e6 2. d4 d5 3. Nc3 Bb4 4. e5 c5 5. Qg4 Ne7 6. dxc5 Nbc6 7. Qxg7 Rg8 8.
Qxh7 d4 9. a3 Ba5 10. b4 dxc3 11. bxa5 Qxa5 12. Nf3 Qxc5 13. Qe4 Ng6 14. Be3 Qa5
15. h4 Bd7 16. h5 Ngxe5 17. Nxe5 Qxe5 18. Qxe5 Nxe5 19. h6 Ng4 20. h7 Rh8 21.
Bd4 e5 22. Bxc3 Rc8 23. Kd2 Nxf2 24. Bxe5 f6 25. Re1 fxe5 26. Rxe5+ Kf7 27. Rh4
Ng4 28. Rg5 Nf6 29. Bd3 Be6 30. Bg6+ Ke7 31. Bd3 Rcf8 32. Re5 Kd6 33. Rb5 Bd5
34. Rd4 Ke5 35. Rdxd5+ Nxd5 36. c4 Rf2+ 37. Ke1 Rxg2 38. Rxd5+ Ke6 39. a4 Rg7
40. Kd2 Rc7 41. Kc3 1/2-1/2

[Event "e2e4 ch-IRL"]
[Site "Dublin IRL"]
[Date "2011.07.07"]
[Round "6"]
[White "O'Connell, Gerard"]
[Black "Cafolla, Peter"]
[Result "1/2-1/2"]
[WhiteElo "2142"]
[BlackElo "2053"]
[Plycount "133"]
[WhiteFideId "2500493"]
[BlackFideId "2500884"]
[EventDate "2011.07.02"]
[Source "TWIC 870"]

1. d4 d5 2. c4 e6 3. Nc3 c5 4. cxd5 exd5 5. Nf3 Nc6 6. g3 Nf6 7. Bg2 Be7 8. O-O
O-O 9. Bg5 cxd4 10. Nxd4 h6 11. Be3 Bg4 12. h3 Be6 13. Rc1 Qd7 14. Kh2 Rac8 15.
Qa4 Rfd8 16. Rfd1 Bd6 17. f4 Bb8 18. Bf2 h5 19. Nxc6 bxc6 20. e4 Qb7 21. e5 Nd7
22. b4 Nb6 23. Qc2 g6 24. Bf1 Nd7 25. Qa4 Nb6 26. Qa6 Qe7 27. Bc5 Qc7 28. Bd6
Rxd6 29. Nb5 Qd7 30. Nxd6 Bxd6 31. exd6 h4 32. Qd3 Qxd6 33. a3 Rc7 34. Qe3 hxg3+
35. Kxg3 Nd7 36. Kf2 c5 37. bxc5 Nxc5 38. Qe5 Qb6 39. Kg2 Re7 40. Kh1 Ne4 41.
Rb1 f6 42. Qb8+ Qxb8 43. Rxb8+ Kf7 44. Kg1 g5 45. f5 Bxf5 46. Rxd5 Ng3 47. Bg2
Be6 48. Rdb5 Ne2+ 49. Kh2 Nf4 50. Bc6 Bxh3 51. R5b7 Bf1 52. Ra8 a6 53. Rxe7+
Kxe7 54. Bb7 Ke6 55. Bxa6 Bg2 56. Re8+ Kd6 57. Rf8 Ke5 58. a4 Bd5 59. Bc8 Ng6
60. Re8+ Kf4 61. Rd8 Be4 62. Rd4 Ne5 63. Kh3 f5 64. Bxf5 Kxf5 65. Kg3 g4 66. a5
Nc6 67. Rxe4 1/2-1/2

[Event "e2e4 ch-IRL"]
[Site "Dublin IRL"]
[Date "2011.07.07"]
[Round "6"]
[White "Murray, David"]
[Black "King, Melvyn"]
[Result "1/2-1/2"]
[WhiteElo "2096"]
[BlackElo "1980"]
[Plycount "87"]
[WhiteFideId "2501511"]
[BlackFideId "2503379"]
[EventDate "2011.07.02"]
[Source "TWIC 870"]

1. e4 d5 2. exd5 Nf6 3. Bb5+ Bd7 4. Bc4 Bg4 5. f3 Bc8 6. Nc3 Nbd7 7. Nge2 Nb6 8.
Bb3 Nbxd5 9. d4 c6 10. Ne4 Bf5 11. c4 Nb6 12. N2g3 Bg6 13. Bf4 e6 14. O-O Be7
15. a4 O-O 16. a5 Nbd7 17. Bd6 Ne8 18. Bxe7 Qxe7 19. Qd2 Nef6 20. c5 b6 21. cxb6
axb6 22. Nxf6+ Qxf6 23. Ne4 Qe7 24. axb6 Nxb6 25. Rfc1 Qd7 26. Qb4 Nd5 27. Bxd5
cxd5 28. Nc5 Rxa1 29. Rxa1 Qc7 30. Ra5 h6 31. g3 Rb8 32. Rb5 Ra8 33. Rb7 Qd8 34.
Kf2 Qg5 35. Rb8+ Rxb8 36. Qxb8+ Kh7 37. Qb4 Qc1 38. Qc3 Qh1 39. Ke3 Qxh2 40. b4
Qxg3 41. b5 Qg1+ 42. Ke2 Qg2+ 43. Ke3 Qg1+ 44. Ke2 1/2-1/2

[Event "e2e4 ch-IRL"]
[Site "Dublin IRL"]
[Date "2011.07.07"]
[Round "6"]
[White "Benson, Oisin P."]
[Black "Keogh, Eamon"]
[Result "1-0"]
[WhiteElo "2003"]
[BlackElo "2015"]
[Plycount "63"]
[WhiteFideId "2501821"]
[BlackFideId "2500264"]
[EventDate "2011.07.02"]
[Source "TWIC 870"]

1. d4 f5 2. c4 e6 3. Nf3 Nf6 4. g3 g6 5. Bg2 Bg7 6. Nc3 c6 7. d5 O-O 8. d6 c5 9.
O-O Nc6 10. e4 Rb8 11. Re1 Nxe4 12. Nxe4 fxe4 13. Rxe4 b5 14. Bg5 Qa5 15. b3
bxc4 16. Rxc4 Ba6 17. Ra4 Qb6 18. Rc1 Nb4 19. Be3 Rbc8 20. Ng5 Bd4 21. Qg4 Bxe3
22. fxe3 c4 23. Re1 h5 24. Qe4 Rf6 25. Rf1 Rcf8 26. Rxf6 Rxf6 27. bxc4 Qxd6 28.
Qd4 Qe7 29. Rxb4 Qxb4 30. Qxf6 Qe1+ 31. Bf1 Qxe3+ 32. Kg2 1-0

[Event "e2e4 ch-IRL"]
[Site "Dublin IRL"]
[Date "2011.07.07"]
[Round "6"]
[White "Janusaitis, Mindaugas"]
[Black "Doyle, Hugh"]
[Result "1-0"]
[WhiteElo "1968"]
[BlackElo "1909"]
[Plycount "75"]
[WhiteFideId "12802530"]
[BlackFideId "2500876"]
[EventDate "2011.07.02"]
[Source "TWIC 870"]

1. e4 c5 2. Nf3 d6 3. d4 cxd4 4. Nxd4 Nf6 5. Nc3 a6 6. Bg5 e5 7. Nb3 Be6 8. Nd5
Bxd5 9. Bxf6 Qxf6 10. Qxd5 Nc6 11. O-O-O Be7 12. Kb1 O-O 13. f3 Rfc8 14. c3 b5
15. a3 Rab8 16. Be2 Rb6 17. g3 Qe6 18. f4 Qxd5 19. exd5 Na7 20. fxe5 dxe5 21.
Rhe1 f6 22. Bg4 Rc7 23. Be6+ Kf8 24. Na5 Bc5 25. c4 Bd4 26. Rc1 bxc4 27. Nxc4
Rb3 28. Re2 Rcb7 29. Rcc2 Nb5 30. Kc1 Bb6 31. Nxe5 fxe5 32. d6 Nxd6 33. Bxb3 Re7
34. Rc6 Bc7 35. Rxa6 Ke8 36. Bc2 e4 37. Ra4 e3 38. Bxh7 1-0

[Event "e2e4 ch-IRL"]
[Site "Dublin IRL"]
[Date "2011.07.07"]
[Round "6"]
[White "Twomey, Pat"]
[Black "Reynolds, Pat"]
[Result "0-1"]
[WhiteElo "1881"]
[BlackElo "2043"]
[Plycount "74"]
[WhiteFideId "2501937"]
[BlackFideId "2501392"]
[EventDate "2011.07.02"]
[Source "TWIC 870"]

1. e3 Nf6 2. c4 d5 3. Nc3 g6 4. cxd5 Nxd5 5. Bc4 Nb6 6. Bb3 Bg7 7. Nf3 c5 8. d4
c4 9. Bc2 Nc6 10. O-O O-O 11. Qe2 Bg4 12. Rd1 Qc8 13. h3 Bxf3 14. Qxf3 e5 15.
Be4 Rb8 16. Bxc6 bxc6 17. dxe5 Bxe5 18. e4 Qe6 19. Bh6 Rfe8 20. Rd2 Nd7 21. Rad1
Nc5 22. Be3 Nd3 23. Na4 Nxb2 24. Nxb2 Rxb2 25. Qe2 c3 26. Rc2 Qxa2 27. Rdc1 Reb8
28. f4 Rxc2 29. Rxc2 Rb2 30. fxe5 Rxc2 31. Qg4 Qe6 32. Qd1 Ra2 33. Bh6 Rd2 34.
Qb1 Qxe5 35. Qb7 Rd1+ 36. Kf2 Qf6+ 37. Ke3 c2 0-1

[Event "e2e4 ch-IRL"]
[Site "Dublin IRL"]
[Date "2011.07.07"]
[Round "6"]
[White "Loughran, John"]
[Black "O'Rourke, Ray"]
[Result "1-0"]
[WhiteElo "1916"]
[BlackElo "2038"]
[Plycount "64"]
[WhiteFideId "2501562"]
[BlackFideId "2501023"]
[EventDate "2011.07.02"]
[Source "TWIC 870"]

1. e4 c5 2. Nf3 d6 3. d4 cxd4 4. Nxd4 Nf6 5. Nc3 a6 6. Bc4 e6 7. Bb3 Be7 8. O-O
Qc7 9. f4 Nc6 10. Be3 Bd7 11. Qf3 O-O-O 12. f5 Nxd4 13. Bxd4 e5 14. Bf2 Rdf8 15.
Rfd1 g6 16. Nd5 Nxd5 17. Bxd5 Bc6 18. Qb3 Bxd5 19. Rxd5 gxf5 20. exf5 Rhg8 21.
Rad1 Rg4 22. f6 Bxf6 23. Rxd6 Rd8 24. Rxd8+ Bxd8 25. Qh3 f5 26. Qf3 Rf4 27. Qd3
e4 28. Qd5 Be7 29. Be3 Rh4 30. Qxf5+ Kb8 31. g3 Bc5 32. Bxc5 Qxc5+ 1-0

[Event "e2e4 ch-IRL"]
[Site "Dublin IRL"]
[Date "2011.07.08"]
[Round "7"]
[White "Prizant, Michael"]
[Black "Brady, Stephen"]
[Result "0-1"]
[BlackTitle "FM"]
[WhiteElo "2126"]
[BlackElo "2357"]
[Plycount "68"]
[WhiteFideId "413640"]
[BlackFideId "2500124"]
[EventDate "2011.07.02"]
[Source "TWIC 870"]

1. e4 e5 2. Nf3 d6 3. d4 Nf6 4. Nc3 Nbd7 5. Bc4 Be7 6. O-O O-O 7. Re1 c6 8. a4
Qc7 9. Ba2 b6 10. h3 Bb7 11. Be3 a6 12. Rb1 b5 13. b4 bxa4 14. Nd2 Nb6 15. dxe5
dxe5 16. Bxb6 Qxb6 17. Nxa4 Qc7 18. Nc5 a5 19. Bc4 axb4 20. Nxb7 Qxb7 21. Qf3 g6
22. Nf1 Kg7 23. g4 Nd7 24. Red1 Nc5 25. Ra1 Bg5 26. Ne3 Qe7 27. Ng2 Rxa1 28.
Rxa1 Bd2 29. h4 Bc3 30. Rd1 Bd4 31. Rb1 Ne6 32. Qe2 Bc5 33. Bd3 Nd4 34. Qd1 h6 0-1

[Event "e2e4 ch-IRL"]
[Site "Dublin IRL"]
[Date "2011.07.08"]
[Round "7"]
[White "McMahon, Daire"]
[Black "Moran, Stephen"]
[Result "1/2-1/2"]
[WhiteElo "2196"]
[BlackElo "1983"]
[Plycount "67"]
[WhiteFideId "2500477"]
[BlackFideId "2501872"]
[EventDate "2011.07.02"]
[Source "TWIC 870"]

1. d4 Nf6 2. Nf3 g6 3. c4 Bg7 4. g3 d5 5. Bg2 O-O 6. O-O dxc4 7. Na3 Nfd7 8.
Nxc4 c5 9. Be3 Na6 10. Qd2 Nb6 11. Nxb6 Qxb6 12. dxc5 Qxb2 13. Rab1 Qxd2 14.
Nxd2 Rb8 15. Rfc1 Rd8 16. Nc4 f6 17. Na5 Rd7 18. Be4 Rc7 19. Bd3 Ra8 20. a3 Bf8
21. Be4 Rb8 22. Bd3 Ra8 23. a4 Kg7 24. Bxa6 bxa6 25. c6 e5 26. Kg2 Kf7 27. Rb7
Bd6 28. Bc5 Bxb7 29. Bxd6 Bxc6+ 30. Nxc6 Rcc8 31. Rc4 Ke6 32. Bb4 Kd7 33. Na5
Rxc4 34. Nxc4 1/2-1/2

[Event "e2e4 ch-IRL"]
[Site "Dublin IRL"]
[Date "2011.07.08"]
[Round "7"]
[White "Jones, Iolo C"]
[Black "Freeman, Gordon"]
[Result "0-1"]
[WhiteTitle "CM"]
[WhiteElo "2286"]
[BlackElo "2179"]
[Plycount "102"]
[WhiteFideId "1800094"]
[BlackFideId "2501309"]
[EventDate "2011.07.02"]
[Source "TWIC 870"]

1. d4 b6 2. c4 Bb7 3. Nc3 e6 4. d5 Bb4 5. e4 Bxc3+ 6. bxc3 d6 7. Nf3 e5 8. Bd3
Ne7 9. Rb1 Nd7 10. Be3 Ng6 11. g3 O-O 12. O-O Qe7 13. h4 Qe8 14. h5 Ne7 15. Bc2
Bc8 16. g4 Nc5 17. Nd2 Bd7 18. Nb3 Na4 19. Bd2 g6 20. Bh6 f5 21. Bxf8 Qxf8 22.
Qf3 fxg4 23. Qxf8+ Rxf8 24. hxg6 Nxg6 25. Nc1 h5 26. Ne2 Nh4 27. Rfd1 Nf3+ 28.
Kg2 h4 29. Rd3 Nc5 30. Re3 h3+ 31. Kh1 Nd2 32. Rg1 Rxf2 33. Ng3 Nf3 34. Rxf3
Rxf3 35. Bd1 Re3 36. Bxg4 Bxg4 37. Nf5 Rxe4 38. Nh6+ Kf8 39. Nxg4 Rxc4 40. Rg3
Ne4 41. Rxh3 Rxc3 42. Rh7 Rg3 43. Nh6 Ng5 44. Rxc7 Rh3+ 45. Kg2 Rxh6 46. Rd7 Nh3
47. Rb7 Nf4+ 48. Kf3 Nxd5 49. a3 Rf6+ 50. Ke4 Ne7 51. a4 Re6 0-1

[Event "e2e4 ch-IRL"]
[Site "Dublin IRL"]
[Date "2011.07.08"]
[Round "7"]
[White "Short, Philip"]
[Black "O'Connell, Gerard"]
[Result "1-0"]
[WhiteTitle "FM"]
[WhiteElo "2293"]
[BlackElo "2142"]
[Plycount "80"]
[WhiteFideId "2500086"]
[BlackFideId "2500493"]
[EventDate "2011.07.02"]
[Source "TWIC 870"]

1. d4 Nf6 2. c4 g6 3. Nc3 d5 4. cxd5 Nxd5 5. e4 Nxc3 6. bxc3 c5 7. Be3 Bg7 8.
Qd2 O-O 9. Rc1 Qa5 10. d5 e6 11. Nf3 exd5 12. exd5 Bg4 13. Be2 Nd7 14. O-O c4
15. Bg5 Rfe8 16. Rfd1 Rac8 17. h3 Bf5 18. g4 Be4 19. d6 f5 20. Be7 Rc5 21. Nd4
Rec8 22. gxf5 gxf5 23. Ne6 Rd5 24. Qg5 Rxd1+ 25. Bxd1 Qe5 26. Nxg7 Qxg7 27. f3
Qxg5+ 28. Bxg5 Bc6 29. Bc2 Kf7 30. Kf2 Rg8 31. Bf4 Kf6 32. Re1 Rg7 33. Be3 Rg8
34. Bd4+ Kg6 35. Rg1+ Kf7 36. Rxg8 Kxg8 37. Bxf5 b6 38. Be6+ Kf8 39. Bxc4 a5 40.
Be6 b5 1-0

[Event "e2e4 ch-IRL"]
[Site "Dublin IRL"]
[Date "2011.07.08"]
[Round "7"]
[White "Cafolla, Peter"]
[Black "Fox, Anthony"]
[Result "1/2-1/2"]
[WhiteElo "2053"]
[BlackElo "2087"]
[Plycount "47"]
[WhiteFideId "2500884"]
[BlackFideId "2500736"]
[EventDate "2011.07.02"]
[Source "TWIC 870"]

1. e4 e5 2. Nf3 Nc6 3. d4 exd4 4. Nxd4 Nf6 5. Nc3 Bb4 6. Nxc6 bxc6 7. Bd3 d5 8.
exd5 Qe7+ 9. Qe2 Qxe2+ 10. Kxe2 cxd5 11. Nb5 Ba5 12. Bf4 Kd8 13. Rhd1 a6 14. Nd4
Bd7 15. c3 Bb6 16. h3 Re8+ 17. Kf1 Kc8 18. Nf5 g6 19. Ne3 c6 20. Nc2 Ne4 21. Be3
Bxe3 22. Nxe3 Kc7 23. Rac1 f5 24. Re1 1/2-1/2

[Event "e2e4 ch-IRL"]
[Site "Dublin IRL"]
[Date "2011.07.08"]
[Round "7"]
[White "King, Melvyn"]
[Black "McCabe, Darren"]
[Result "0-1"]
[WhiteElo "1980"]
[BlackElo "2024"]
[Plycount "66"]
[WhiteFideId "2503379"]
[BlackFideId "2500760"]
[EventDate "2011.07.02"]
[Source "TWIC 870"]

1. e4 c5 2. Nc3 Nc6 3. f4 g6 4. Nf3 Bg7 5. Bb5 Nd4 6. Bd3 e6 7. Nxd4 cxd4 8. Nb5
d6 9. c3 dxc3 10. dxc3 Ne7 11. Be3 Nc6 12. Nd4 O-O 13. Nxc6 bxc6 14. O-O a5 15.
Qd2 Re8 16. f5 exf5 17. exf5 Rb8 18. fxg6 hxg6 19. Kh1 Be5 20. Bg5 Rxb2 21. Qxb2
Qxg5 22. Qf2 Be6 23. Rae1 Kg7 24. c4 Rh8 25. Rxe5 Qxe5 26. g3 Rb8 27. Re1 Qf6
28. Qe3 Rb2 29. Rf1 Qe5 30. Qf3 d5 31. Kg1 dxc4 32. Be4 Qd4+ 33. Kh1 Qxe4 0-1

[Event "e2e4 ch-IRL"]
[Site "Dublin IRL"]
[Date "2011.07.08"]
[Round "7"]
[White "Reynolds, Pat"]
[Black "Murray, David"]
[Result "0-1"]
[WhiteElo "2043"]
[BlackElo "2096"]
[Plycount "80"]
[WhiteFideId "2501392"]
[BlackFideId "2501511"]
[EventDate "2011.07.02"]
[Source "TWIC 870"]

1. d4 Nf6 2. Nf3 e6 3. g3 b6 4. Bg2 Bb7 5. O-O Be7 6. c4 O-O 7. Nc3 d5 8. Ne5
Qc8 9. cxd5 Nxd5 10. e4 Nxc3 11. bxc3 c5 12. d5 Bf6 13. f4 exd5 14. exd5 Re8 15.
Bb2 c4 16. Qh5 Qc5+ 17. Rf2 g6 18. Qf3 Rd8 19. Rd1 Nd7 20. Nc6 Re8 21. Nd4 b5
22. Qg4 Nb6 23. f5 Nxd5 24. fxg6 hxg6 25. Nf5 Re5 26. Nh6+ Kg7 27. Bc1 Rae8 28.
Kf1 Nxc3 29. Rxf6 Bxg2+ 30. Kxg2 Nxd1 31. Rxf7+ Kh8 32. Qxg6 Qd5+ 33. Rf3 Re2+
34. Kh3 Qe6+ 35. Qxe6 R8xe6 36. Rf8+ Kg7 37. Rf7+ Kg6 38. Bf4 Nf2+ 39. Kh4 Nd3
40. Rf8 Nxf4 0-1

[Event "e2e4 ch-IRL"]
[Site "Dublin IRL"]
[Date "2011.07.08"]
[Round "7"]
[White "Benson, Oisin P."]
[Black "Janusaitis, Mindaugas"]
[Result "1-0"]
[WhiteElo "2003"]
[BlackElo "1968"]
[Plycount "59"]
[WhiteFideId "2501821"]
[BlackFideId "12802530"]
[EventDate "2011.07.02"]
[Source "TWIC 870"]

1. d4 Nf6 2. c4 e6 3. Nc3 Bb4 4. a3 Bxc3+ 5. bxc3 d5 6. e3 c5 7. Nf3 Qa5 8. Qc2
Nc6 9. Bd3 Bd7 10. O-O O-O 11. cxd5 exd5 12. dxc5 Rfe8 13. Bb2 Bg4 14. c4 Bxf3
15. gxf3 Ne5 16. Bxe5 Rxe5 17. f4 Rh5 18. Qb3 Qd8 19. Qxb7 Rb8 20. Qxa7 Ng4 21.
Be2 Ra8 22. Qb7 Rb8 23. c6 Rxb7 24. cxb7 f5 25. Rab1 Qb8 26. cxd5 Rh6 27. Rfc1
Rf6 28. Rc8+ Rf8 29. Rxb8 Rxb8 30. Bxg4 1-0

[Event "e2e4 ch-IRL"]
[Site "Dublin IRL"]
[Date "2011.07.08"]
[Round "7"]
[White "Keogh, Eamon"]
[Black "Doyle, Hugh"]
[Result "1/2-1/2"]
[WhiteElo "2015"]
[BlackElo "1909"]
[Plycount "114"]
[WhiteFideId "2500264"]
[BlackFideId "2500876"]
[EventDate "2011.07.02"]
[Source "TWIC 870"]

1. f4 c5 2. Nf3 Nc6 3. e3 g6 4. Bb5 Bg7 5. O-O a6 6. Bxc6 bxc6 7. Nc3 Nf6 8. d3
Rb8 9. e4 O-O 10. Ne2 d6 11. h3 c4 12. e5 cxd3 13. Qxd3 Nd5 14. c4 Nb4 15. Qc3
c5 16. a3 Nc6 17. Rd1 Qb6 18. Kh2 Be6 19. Ng3 Na5 20. Nd2 dxe5 21. fxe5 Rfd8 22.
b4 cxb4 23. axb4 Nc6 24. Re1 Qxb4 25. Qxb4 Nxb4 26. Re2 Rd3 27. c5 Nc2 28. Rxa6
Nd4 29. Re1 Rc8 30. Ra7 Rxc5 31. Nde4 Rc2 32. Rf1 Bxe5 33. Rxe7 Kg7 34. Bf4 Bxf4
35. Rxf4 Nf3+ 36. Rxf3 Rxf3 37. Kg1 Rb3 38. Nh1 Bxh3 39. Nef2 Be6 40. Ra7 Rbb2
41. Ra1 Bc4 42. Re1 g5 43. Re3 Kg6 44. Ra3 h5 45. Re3 g4 46. Rg3 f5 47. Ra3 h4
48. g3 Rc1+ 49. Kh2 h3 50. Ra6+ Kf7 51. Rf6+ Ke7 52. Re6+ Kd7 53. Rd6+ Kc7 54.
Rc6+ Kb7 55. Rc7+ Kb8 56. Rc8+ Kb7 57. Rb8+ Kxb8 1/2-1/2

[Event "e2e4 ch-IRL"]
[Site "Dublin IRL"]
[Date "2011.07.09"]
[Round "8"]
[White "Daly, Colm"]
[Black "Brady, Stephen"]
[Result "0-1"]
[WhiteTitle "FM"]
[BlackTitle "FM"]
[WhiteElo "2305"]
[BlackElo "2357"]
[Plycount "190"]
[WhiteFideId "2500434"]
[BlackFideId "2500124"]
[EventDate "2011.07.02"]
[Source "TWIC 870"]

1. e4 e5 2. Nf3 Nc6 3. Bb5 Nf6 4. d3 Bc5 5. c3 Qe7 6. O-O O-O 7. h3 a6 8. Ba4 b5
9. Bb3 d6 10. Bg5 h6 11. Bxf6 Qxf6 12. Bd5 Bd7 13. a4 Rab8 14. axb5 axb5 15. Ra6
Bb6 16. b4 Ne7 17. Bb3 Ng6 18. Kh2 Nf4 19. Ng1 Ra8 20. Rxa8 Rxa8 21. Qf3 Ng6 22.
g3 Qxf3 23. Nxf3 Kf8 24. Kg2 f5 25. h4 Ne7 26. Nfd2 g6 27. f4 exf4 28. gxf4 fxe4
29. dxe4 Kg7 30. Nf3 Bc6 31. Re1 Ra1 32. Nfd2 d5 33. exd5 Nxd5 34. Kg3 Ne3 35.
Be6 Kf6 36. Bh3 Nf5+ 37. Bxf5 gxf5 38. Nb3 Ra2 39. N1d2 Rc2 40. Rc1 Rxc1 41.
Nxc1 Be3 42. Ncb3 Ke6 43. Nf3 Bxf3 44. Kxf3 Bg1 45. Ke2 Kd5 46. Kd3 h5 47. Nd2
Bb6 48. Ke2 Ba7 49. Kd3 Bg1 50. Ke2 Bh2 51. Kf3 c6 52. Nf1 Bg1 53. Nd2 Bb6 54.
Ke2 Bd8 55. Nf3 Kc4 56. Nd4 Kxc3 57. Nxf5 Kxb4 58. Nd4 Bxh4 59. Nxc6+ Kc5 60.
Ne5 Kd5 61. Kd3 Bg3 62. Ke3 Be1 63. Nd3 Bc3 64. f5 Bg7 65. Nb4+ Kc4 66. Nc6 Bf6
67. Kf3 Kc5 68. Nb8 Kd6 69. Na6 Bc3 70. Kg3 Be1+ 71. Kf4 Bd2+ 72. Kg3 Bg5 73.
Nb4 Kc5 74. Nd3+ Kd4 75. Nb4 Kc4 76. Nc6 Kc5 77. Ne5 Kd5 78. Nd3 Ke4 79. Nb4
Kxf5 80. Kf3 Ke5 81. Nc6+ Kd5 82. Nb4+ Kc4 83. Nc6 Bf6 84. Ke4 Kc5 85. Nb8 Be7
86. Nd7+ Kd6 87. Ne5 b4 88. Nc4+ Kc5 89. Nd2 h4 90. Nb3+ Kc4 91. Na5+ Kc3 92.
Kf3 Bd8 93. Nb7 Bb6 94. Nd6 b3 95. Ne4+ Kd3 0-1

[Event "e2e4 ch-IRL"]
[Site "Dublin IRL"]
[Date "2011.07.09"]
[Round "8"]
[White "Redmond, John P."]
[Black "Prizant, Michael"]
[Result "1/2-1/2"]
[WhiteElo "2190"]
[BlackElo "2126"]
[Plycount "157"]
[WhiteFideId "2500051"]
[BlackFideId "413640"]
[EventDate "2011.07.02"]
[Source "TWIC 870"]

1. f4 e5 2. fxe5 d6 3. exd6 Bxd6 4. Nf3 Nf6 5. Nc3 O-O 6. e3 Re8 7. Be2 Nc6 8.
O-O Qe7 9. Nb5 Bc5 10. d4 Bb6 11. Na3 Ng4 12. Nc4 Be6 13. Nxb6 axb6 14. e4 Rad8
15. c3 Nce5 16. Nxe5 Nxe5 17. Qe1 Ng6 18. Qg3 c6 19. e5 h6 20. Bd3 Qh4 21. Bxg6
Qxg3 22. Bxf7+ Bxf7 23. hxg3 Ra8 24. a3 Bb3 25. Be3 b5 26. Rf4 Re7 27. Raf1 Rae8
28. Rg4 Re6 29. Rgf4 Rg6 30. Kh2 Be6 31. R1f2 Ra8 32. Bd2 Re8 33. Be1 Ra8 34.
R2f3 Re8 35. Kg1 Bd5 36. Re3 Be6 37. Kf2 Rd8 38. Ref3 Bd5 39. Re3 Be6 40. Re2
Bc4 41. Rd2 Bd5 42. Ke3 Be6 43. Kd3 Bb3 44. Ke2 Bc4+ 45. Kf2 Be6 46. Kg1 Ra8 47.
Kh2 Rd8 48. Rdf2 Ra8 49. Bd2 Rd8 50. Be3 Re8 51. Rd2 Rd8 52. Rd1 Kh7 53. Ra1 Ra8
54. Bf2 Kg8 55. d5 Bxd5 56. Bc5 Re6 57. Bd6 Ree8 58. Raf1 Be6 59. R1f2 Kh7 60.
Kg1 Bc4 61. Rd2 Re6 62. Kf2 Rg6 63. Rd1 Re8 64. Ra1 Bb3 65. Rb4 Be6 66. a4 bxa4
67. Rxb7 Rg4 68. Ra7 Bb3 69. Re1 Re6 70. Re3 h5 71. Re7 Kg6 72. Rc7 Bd5 73. Bf8
Kh7 74. Be7 Kg6 75. Bd8 Kh6 76. Re7 Kg6 77. Rxe6+ Bxe6 78. Be7 Kf5 79. Bd6 1/2-1/2